Подробности
| 000 -МАРКЕР |
| контрольное поле |
01904nam0a2200409 4500 |
| 001 - ИДЕНТИФИКАТОР ЗАПИСИ |
| контрольное поле |
RU\NLR\BIBL_A\010903582 |
| 005 - ИДЕНТИФИКАТОР ВЕРСИИ |
| контрольное поле |
20260614063038.0 |
| 010 ## - МЕЖДУНАРОДНЫЙ СТАНДАРТНЫЙ НОМЕР КНИГИ (ISBN) |
| Номер (ISBN) |
978-5-699-82766-4 |
| Тираж |
5000 |
| 021 ## - НОМЕР ГОСУДАРСТВЕННОЙ РЕГИСТРАЦИИ |
| Код страны |
Российская Федерация |
| Номер |
15-83716 |
| 035 ## - ДРУГИЕ СИСТЕМНЫЕ НОМЕРА |
| Идентификатор записи |
(NILC)RuMoRGB-008054018 |
| 035 ## - ДРУГИЕ СИСТЕМНЫЕ НОМЕРА |
| Идентификатор записи |
(NLR Aleph) 010903582 |
| 100 ## - ДАННЫЕ ОБЩЕЙ ОБРАБОТКИ |
| Данные общей обработки |
20151119d2015 |||y0rusy50 ca |
| 101 1# - ЯЗЫК РЕСУРСА |
| Язык текста, звукозаписи и т.д. |
русский |
| Язык оригинала |
китайский |
| 102 ## - СТРАНА ПУБЛИКАЦИИ ИЛИ ПРОИЗВОДСТВА |
| Страна публикации |
Российская Федерация |
| 105 ## - ПОЛЕ КОДИРОВАННЫХ ДАННЫХ: ТЕКСТОВЫЕ МАТЕРИАЛЫ, МОНОГРАФИЧЕСКИЕ |
| Кодированные данные о монографическом текстовом документе |
y|||z|||000zy |
| 200 1# - ЗАГЛАВИЕ И СВЕДЕНИЯ ОБ ОТВЕТСТВЕННОСТИ |
| Основное заглавие |
Искусство войны |
| Сведения, относящиеся к заглавию |
вся война основана на лжи |
| Первые сведения об ответственности |
Сунь-цзы |
| Последующие сведения об ответственности |
[подстроч. пер. с кит. - Чжан Цзюйшу |
| -- |
лит. пер. и коммент. - Ю. Кулишенко] |
| 210 ## - ПУБЛИКАЦИЯ, РАСПРОСТРАНЕНИЕ И ДР. |
| Место издания, распространения и т.д. |
Москва |
| Имя издателя, распространителя и т. д. |
Э |
| Дата издания, распространения и т.д. |
2015 |
| 215 ## - ФИЗИЧЕСКАЯ ХАРАКТЕРИСТИКА |
| Специфическое обозначение материала и объем |
157, [1] с. |
| Размеры |
17 |
| 225 1# - СЕРИЯ |
| Основное заглавие серии |
Великие личности |
| 300 ## - ОБЩИЕ ПРИМЕЧАНИЯ |
| Текст примечания |
На 4-й с. авт.: Сунь-цзы, настоящее его имя было Сунь У |
| 333 ## - ПРИМЕЧАНИЯ ОБ ОСОБЕННОСТЯХ РАСПРОСТРАНЕНИЯ И ИСПОЛЬЗОВАНИЯ |
| Текст примечания |
6+ |
| 500 ## - УНИФИЦИРОВАННОЕ ЗАГЛАВИЕ |
| Графика поля |
Кириллица |
| Унифицированное заглавие |
Сунь-цзы |
| Сведения, относящиеся к заглавию/сведения о виде, жанре, характере документа |
Трактат |
| Системный номер авторитетной/нормативной записи |
2631349 |
| Идентификатор авторитетной / нормативной записи |
RU\NLR\AUTH\559331 |
| 604 ## - ИМЯ И ЗАГЛАВИЕ КАК ПРЕДМЕТ |
| Связываемые данные |
700#0$aСунь-Цзы$f6 - 5 вв. до н.э. |
| -- |
50010$aТрактат о военном искусстве$2nlr_sh2$3RU\NLR\AUTH\661321890 |
| Идентификатор авторитетной/нормативной записи |
RU\NLR\AUTH\661321890 |
| Имя лица |
Сунь-Цзы (6 - 5 вв. до н.э.) |
| Заглавие |
Трактат о военном искусстве |
| Системный номер авторитетной/нормативной записи |
2199693 |
| 675 ## - УНИВЕРСАЛЬНАЯ ДЕСЯТИЧНАЯ КЛАССИФИКАЦИЯ (UDC/УДК) |
| Индекс |
355.4 |
| 675 ## - УНИВЕРСАЛЬНАЯ ДЕСЯТИЧНАЯ КЛАССИФИКАЦИЯ (UDC/УДК) |
| Индекс |
355/359 |
| 686 1# - ИНДЕКСЫ ДРУГИХ КЛАССИФИКАЦИЙ |
| Индекс |
Ц1,8(5Кит)2 |
| 700 #0 - ИМЯ ЛИЦА - ПЕРВИЧНАЯ ОТВЕТСТВЕННОСТЬ |
| Материалы, к которым относится поле |
rus |
| Графика поля |
Кириллица |
| Начальный элемент ввода |
Сунь-Цзы |
| Даты |
6-5 вв. до н.э. |
| Идентификатор авторитетной/нормативной записи |
RU\NLR\AUTH\7713747 |
| Системный номер авторитетной/нормативной записи |
123429 |
| 702 #0 - ИМЯ ЛИЦА - ВТОРИЧНАЯ ОТВЕТСТВЕННОСТЬ |
| Код отношения |
Прочие |
| Материалы, к которым относится поле |
rus |
| Графика поля |
Кириллица |
| Начальный элемент ввода |
Сунь-Цзы |
| Даты |
6-5 вв. до н.э. |
| Идентификатор авторитетной/нормативной записи |
RU\NLR\AUTH\7713747 |
| Системный номер авторитетной/нормативной записи |
123429 |
| 702 #1 - ИМЯ ЛИЦА - ВТОРИЧНАЯ ОТВЕТСТВЕННОСТЬ |
| Начальный элемент ввода |
Кулишенко |
| Часть имени, кроме начального элемента ввода |
Ю. |
| Расширение инициалов личного имени |
Юрий |
| Код отношения |
Переводчик |
| -- |
Комментатор |
| 702 #0 - ИМЯ ЛИЦА - ВТОРИЧНАЯ ОТВЕТСТВЕННОСТЬ |
| Код отношения |
Переводчик |
| Графика поля |
Кириллица |
| Материалы, к которым относится поле |
rus |
| Начальный элемент ввода |
Чжан Цзюйшу |
| Системный номер авторитетной/нормативной записи |
160118 |
| Идентификатор авторитетной/нормативной записи |
RU\NLR\AUTH\770160159 |
| 801 #0 - ИСТОЧНИК ЗАПИСИ |
| Страна |
Российская Федерация |
| Организация |
РГБ |
| Дата составления |
20151027 |
| Правила каталогизации |
RCR |
| 942 ## - ДОПОЛНИТЕЛЬНЫЕ ЭЛЕМЕНТЫ ЗАПИСИ (АБИС) |
| Тип экземпляра АБИС |
Книга |
| 980 ## - КОЛЛЕКЦИЯ |
| Название коллекции |
НБР |
| 980 ## - КОЛЛЕКЦИЯ |
| Название коллекции |
Национальная библиография |